A-Z - THE HUMAN BODY!!! - Statistics

General Stats
  • This quiz has been taken 223 times
  • The average score is 18 of 26
Answer Stats
Letter Hint Answer % Correct
E What you use to hear with Ear
98%
B Your upper-arm muscle Bicep
95%
F The largest bone Femur
95%
A The largest artery Aorta
92%
G The bile-storing organ Gallbladder
88%
L The largest internal organ Liver
88%
W A woman's uterus Womb
85%
R The thin layer of tissue lining the back of the eye Retina
84%
C The scientific name for your skull Cranium
83%
J Your neck vein Jugular
82%
Q The group of muscles in your upper leg Quadriceps
81%
N Another name for your belly button Navel
79%
K What your hair and nails are made of Keratin
75%
O The nerve that connects your eye to your brain Optic Nerve
75%
M Your jaw-bone Mandible
74%
H The upper-arm bone Humerus
72%
Y What makes a man, genetically speaking Y Chromosome
70%
T The large endocrine gland in your throat Thyroid
67%
V A pumping chamber of the heart Ventricle
64%
U A fleshy extension at the back of the soft palate that hangs above the throat Uvula
63%
S The scientific name for your shoulder blade Scapula
60%
D The 1st part of your small intestine Duodenum
57%
Z The technical name of the cheekbone Zygomatic Bone
28%
I One of three tiny bones in your middle ear Incus
24%
P The gland in you brain that produces melatonin Pineal Gland
18%
X The "process" of the lower sternum Xiphoid Process
16%
No matching quizzes found
Score Distribution
Percent of People with Each Score
Percentile by Number Answered
Your Score History
You have not taken this quiz